000 00575nam a2200241Ia 4500
005 20260306150631.0
008 008 260114s9999 xx 000 0 eng d
020 _a9781400868988
037 _aEbook
040 _aCRL
040 _beng
040 _cCRL
041 _2eng
041 _aeng
084 _qCRL
245 0 _aTheory of Rotating Stars. (PSA-1), Volume 1
260 _bPrinceton University Press
260 _c1979
650 _aPhysics
856 _uhttps://www.degruyter.com/isbn/9781400868988
942 _cEBOOK
999 _c1698330
_d1698330